[Event "CONDOM 2012 OpenA "]
[Site "Condom"]
[Date "????.??.??"]
[Round "5.6"]
[White "Iwanesko, Alexandre"]
[Black "Bujisho, Benjamin"]
[Result "0-1"]
[WhiteElo "2213"]
[BlackElo "2391"]
[PlyCount "54"]

1.e4 e5 2.Nf3 Nc6 3.Bb5 a6 4.Ba4 Nf6 5.Qe2 b5 6.Bb3 Be7 7.O-O O-O 8.c3 d5 
9.d3 Bb7 10.Rd1 Re8 11.Nbd2 Bf8 12.Nf1 Na5 13.Bc2 c5 14.Ng3 g6 15.h3 d4 
16.Nh2 Bc8 17.f4 exf4 18.Bxf4 Nd5 19.Bd2 dxc3 20.bxc3 Bg7 21.Qf3 Nxc3 22.
Rf1 Ra7 23.Ng4 Bxg4 24.hxg4 Nc6 25.g5 Nd4 26.Qg4 Nxc2 27.Rf6 Qxd3 0-1

[Event "Open B - Condom 2009"]
[Site "Condom"]
[Date "????.??.??"]
[Round "5.10"]
[White "Sadones, Thibault"]
[Black "Broly, Marine"]
[Result "1-0"]
[WhiteElo "1620"]
[BlackElo "1540"]
[PlyCount "61"]

1.e4 d6 2.d4 f5 3.Nc3 Nf6 4.Bd3 fxe4 5.Nxe4 Nc6 6.Nxf6+ exf6 7.Qh5+ g6 8.
Bxg6+ hxg6 9.Qxh8 Qe7+ 10.Be3 Nxd4 11.O-O-O Nf5 12.Re1 Be6 13.g4 Nxe3 14.
Rxe3 O-O-O 15.Qh4 Qf7 16.Nf3 Bg7 17.Rhe1 Rh8 18.Qg3 Re8 19.Nd4 Bh6 20.f4 
Bd7 21.Rxe8+ Bxe8 22.Qe3 Bd7 23.g5 fxg5 24.fxg5 Bg7 25.Nb3 Kb8 26.h4 Be5 
27.Kb1 Bf5 28.Nd4 Qc4 29.Nxf5 gxf5 30.Qb3 Qxh4 31.Qg8# 1-0

[Event "CONDOM 2012 OpenA "]
[Site "Condom"]
[Date "????.??.??"]
[Round "3.7"]
[White "Favarel, Antoine"]
[Black "Ramahef, Eric"]
[Result "1-0"]
[WhiteElo "2267"]
[BlackElo "2052"]
[PlyCount "95"]

1.d4 Nf6 2.c4 e6 3.g3 d5 4.Nf3 Bb4+ 5.Bd2 c5 6.Bxb4 cxb4 7.Nbd2 O-O 8.Bg2 
Nc6 9.O-O Bd7 10.e3 a5 11.Ne5 Ne7 12.a3 Bc6 13.axb4 axb4 14.Qb3 dxc4 15.
Nxc6 Nxc6 16.Nxc4 Qe7 17.Rac1 Na5 18.Nxa5 Rxa5 19.Rc4 Rb5 20.Rfc1 Ne8 21.
h3 h6 22.Rc5 Rb6 23.R1c4 Ra6 24.Qxb4 Ra1+ 25.Kh2 Qf6 26.Qd2 Nd6 27.Rc1 Ra6
28.e4 Qg6 29.Re1 Rb6 30.e5 Nf5 31.d5 exd5 32.Bxd5 Ne7 33.Bc4 Qf5 34.Rc7 
Ng6 35.Qd4 Rc6 36.Rxc6 bxc6 37.e6 c5 38.exf7+ Kh8 39.Qe3 Qf6 40.Re2 Kh7 
41.Qe4 Qd4 42.Qxd4 cxd4 43.Re8 h5 44.f4 Kh6 45.f5 d3 46.fxg6 d2 47.Bb3 h4 
48.Rxf8 1-0

[Event "CONDOM 2012 OpenA "]
[Site "Condom"]
[Date "????.??.??"]
[Round "4.1"]
[White "Prie, Eric"]
[Black "Dgebuadze, Alexandre"]
[Result "1-0"]
[WhiteElo "2510"]
[BlackElo "2563"]
[PlyCount "69"]

1.d4 Nf6 2.Bf4 e6 3.e3 c5 4.c3 Nc6 5.Nd2 d5 6.Ngf3 Bd6 7.Bg3 Qe7 8.Ne5 
Bxe5 9.dxe5 Nd7 10.f4 f5 11.Nf3 h6 12.Nh4 Nf8 13.Be2 g6 14.Nf3 Rg8 15.c4 
Qd7 16.O-O b6 17.a3 a5 18.Qb3 Qc7 19.cxd5 a4 20.Qd1 exd5 21.Qxd5 Be6 22.
Qd2 Bb3 23.Qc3 Ne6 24.Nd2 Na5 25.Nxb3 axb3 26.Rad1 Rd8 27.Rxd8+ Kxd8 28.
Rd1+ Ke7 29.Bh4+ g5 30.fxg5 hxg5 31.Bg3 c4 32.h4 g4 33.Rf1 Ng7 34.e4 Rf8 
35.e6 1-0

[Event "CONDOM 2012 OpenA "]
[Site "Condom"]
[Date "????.??.??"]
[Round "2.10"]
[White "Gipouloux, Laurent"]
[Black "Bressac, Stephane"]
[Result "0-1"]
[WhiteElo "1731"]
[BlackElo "2320"]
[PlyCount "58"]

1.e4 c5 2.b3 Nc6 3.Bb2 e5 4.Bb5 d6 5.Bxc6+ bxc6 6.Ne2 f5 7.d3 Nf6 8.Ng3 f4
9.Nf1 Be7 10.Nbd2 O-O 11.Nf3 Ne8 12.Qd2 Nc7 13.h3 Ne6 14.N1h2 Qb6 15.c3 
Bb7 16.O-O a5 17.d4 cxd4 18.cxd4 exd4 19.Nxd4 Nxd4 20.Rfe1 c5 21.Bxd4 cxd4
22.Nf3 Rac8 23.Nxd4 Bf6 24.Rad1 f3 25.Nxf3 Bc3 26.Qe3 Qb4 27.Re2 Rfe8 28.
e5 Bxe5 29.Ng5 Bh2+ 0-1

[Event "CONDOM 2012 OpenA "]
[Site "Condom"]
[Date "????.??.??"]
[Round "2.8"]
[White "Manea, Alexandru"]
[Black "Boukhris-Ferre, Yacine"]
[Result "1-0"]
[WhiteElo "2369"]
[BlackElo "2057"]
[PlyCount "105"]

1.e4 e6 2.Qe2 Be7 3.g3 d5 4.d3 Nf6 5.Bg2 O-O 6.e5 Nfd7 7.Nf3 f6 8.exf6 
Nxf6 9.O-O Nc6 10.Nc3 Bd6 11.d4 a6 12.Bg5 Qe8 13.Rad1 Qg6 14.Bc1 Qh5 15.
Rfe1 Bd7 16.Ng5 Qxe2 17.Rxe2 Rae8 18.Bh3 e5 19.Bxd7 Nxd7 20.dxe5 Ndxe5 21.
Kg2 h6 22.Nh3 d4 23.Ne4 Nc4 24.f3 Bb4 25.Nf4 Kh7 26.Nd5 N4e5 27.Bf4 Bd6 
28.Nxd6 cxd6 29.h4 Rf7 30.c3 d3 31.Rf2 a5 32.b3 Ref8 33.Rdd2 g5 34.hxg5 
hxg5 35.Bxe5 Nxe5 36.f4 Ng4 37.Rf3 Ne5 38.Re3 gxf4 39.gxf4 Ng6 40.Rh3+ Kg7
41.Rg3 Kh6 42.Kg1 Rf5 43.Rh2+ Rh5 44.Rxd3 Rxh2 45.Kxh2 Nxf4 46.Nxf4 Rxf4 
47.Rxd6+ Kg5 48.Kg3 Rf7 49.Rd5+ Kf6 50.Rxa5 Ke6 51.Ra4 Kd5 52.Rf4 Re7 53.
Kf2 1-0

[Event "Open B - Condom 2009"]
[Site "Condom"]
[Date "????.??.??"]
[Round "3.12"]
[White "Trauquesegues, Patrick"]
[Black "Ferdjaoui, Ophelie"]
[Result "1-0"]
[WhiteElo "1499"]
[BlackElo "1099"]
[PlyCount "69"]

1.Nf3 d5 2.c4 Be6 3.Nc3 c6 4.d4 Bf5 5.g3 Nf6 6.Bg2 Nbd7 7.Nh4 e6 8.Nxf5 
exf5 9.cxd5 c5 10.Bf4 Be7 11.d6 cxd4 12.Qxd4 Nc5 13.Qxc5 Rc8 14.Qb5+ Qd7 
15.Qxd7+ Kxd7 16.Bxb7 Bxd6 17.Bxc8+ Rxc8 18.Bxd6 Rc6 19.Be5 Re6 20.Nb5 
Rxe5 21.O-O-O+ Rd5 22.Rxd5+ Nxd5 23.Rd1 Ke6 24.Nxa7 g5 25.a4 h5 26.Nb5 f4 
27.a5 Nb6 28.axb6 h4 29.b7 fxg3 30.hxg3 h3 31.Nc7+ Kf6 32.g4 Ke5 33.f3 f6 
34.b8=Q Kf4 35.Nd5# 1-0

[Event "Open B - Condom 2009"]
[Site "Condom"]
[Date "????.??.??"]
[Round "2.19"]
[White "Morand, Esther"]
[Black "Trauquesegues, Patrick"]
[Result "0-1"]
[WhiteElo "1199"]
[BlackElo "1499"]
[PlyCount "72"]

1.d4 g6 2.Nf3 Nf6 3.Bf4 d6 4.e3 Bg7 5.Bd3 b6 6.Nbd2 c5 7.dxc5 bxc5 8.O-O 
e5 9.Bg3 Bb7 10.Qe2 Nbd7 11.Nh4 Qb6 12.Rab1 e4 13.Bc4 d5 14.Bb5 O-O 15.
Bxd7 Nxd7 16.b3 a5 17.a3 Nf6 18.a4 Qd8 19.c3 Re8 20.c4 Ba6 21.cxd5 Bxe2 
22.Rfe1 Bd3 23.Rbc1 Qxd5 24.Nc4 Rab8 25.Rcd1 Rb6 26.Nxa5 Rb4 27.h3 Re5 28.
Ra1 Rxa4 29.Rxa4 g5 30.f3 gxh4 31.Bxh4 c4 32.Bxf6 Bxf6 33.Rc1 exf3 34.gxf3
Rxe3 35.f4 Bd4 36.h4 Rg3+ 0-1

[Event "CONDOM 2012 OpenA "]
[Site "Condom"]
[Date "????.??.??"]
[Round "2.5"]
[White "Ouerk, Yanis"]
[Black "Anton, Teodor"]
[Result "0-1"]
[WhiteElo "2177"]
[BlackElo "2423"]
[PlyCount "178"]

1.d4 Nf6 2.c4 e6 3.Nf3 c5 4.d5 b5 5.Bg5 b4 6.a3 h6 7.Bxf6 Qxf6 8.Ra2 exd5 
9.cxd5 Bb7 10.e4 Qe7 11.b3 g5 12.Bc4 d6 13.O-O Bg7 14.Bb5+ Nd7 15.axb4 O-O
16.Bc6 Bxc6 17.dxc6 Nb6 18.b5 Qxe4 19.Qxd6 Qb4 20.Rc2 Qxb5 21.Qxc5 Qxb3 
22.h4 g4 23.Nfd2 Qd3 24.Ra2 g3 25.Ra3 gxf2+ 26.Qxf2 Qd6 27.Qf3 Qd4+ 28.Qf2
Rfc8 29.Re3 Nd5 30.Rg3 Qxf2+ 31.Rxf2 Rxc6 32.Rf5 Nb6 33.Na3 a5 34.Ne4 Rg6 
35.Rgf3 Re8 36.Ng3 Be5 37.Nh5 Bd4+ 38.Kf1 a4 39.Rxf7 Nd5 40.Rd7 Ne3+ 41.
Kg1 Bc5 42.Rc7 Bxa3 43.Nf6+ Rxf6 44.Rxf6 Bf8 45.Ra6 a3 46.Rca7 Nf5 47.Rg6+
Kh8 48.Ra5 Nd4 49.Rga6 Re4 50.Ra8 Kg7 51.R5a7+ Be7 52.Rd7 Kf6 53.Ra6+ Ne6 
54.Rd3 Bc5+ 55.Kf1 Rxh4 56.Rc3 Ke5 57.Ra5 Kd5 58.Rcxa3 Rh1+ 59.Ke2 Nd4+ 
60.Kd2 Rb1 61.Rh3 Rb2+ 62.Kc1 Rxg2 63.Rh5+ Rg5 64.Rxc5+ Kxc5 65.Rxh6 Kc4 
66.Rh3 Rg2 67.Kd1 Nf5 68.Rf3 Ng3 69.Rf8 Ne4 70.Ke1 Kd3 71.Rf3+ Kd4 72.Ra3 
Rh2 73.Kf1 Rb2 74.Kg1 Nc3 75.Ra8 Ke3 76.Ra3 Rc2 77.Ra8 Nd5 78.Ra3+ Kf4 79.
Ra8 Kf3 80.Ra3+ Ne3 81.Rb3 Re2 82.Rb1 Kg3 83.Ra1 Rb2 84.Rc1 Ra2 85.Rb1 Rd2
86.Ra1 Nc2 87.Rc1 Nd4 88.Rc3+ Nf3+ 89.Kf1 Rf2# 0-1

[Event "CONDOM 2012 OpenA "]
[Site "Condom"]
[Date "????.??.??"]
[Round "5.8"]
[White "Lacroix, Romain"]
[Black "Ramahef, Eric"]
[Result "1-0"]
[WhiteElo "2230"]
[BlackElo "2052"]
[PlyCount "133"]

1.e4 Nf6 2.e5 Nd5 3.c4 Nb6 4.d4 d6 5.exd6 exd6 6.Nc3 Be7 7.Bd3 Nc6 8.Nge2 
Bg4 9.f3 Bh5 10.O-O Bg6 11.b3 Qd7 12.Be3 Bxd3 13.Qxd3 Nb4 14.Qd2 c6 15.a3 
Na6 16.a4 Rd8 17.a5 Nc8 18.d5 c5 19.Ne4 Nb4 20.f4 Bf6 21.Nxf6+ gxf6 22.f5 
Qe7 23.Rae1 Kd7 24.Nc3 Rde8 25.Bxc5 dxc5 26.Rxe7+ Rxe7 27.Na4 b6 28.axb6 
axb6 29.d6 Re4 30.Qh6 Rhe8 31.Qxf6 Nxd6 32.Nxb6+ Kc6 33.h3 Rd4 34.Na4 Rd2 
35.Nc3 Nc2 36.Qh6 Rd3 37.Rf3 Rxf3 38.gxf3 Nd4 39.Nb5 Nxf5 40.Qd2 Re5 41.f4
Re6 42.Qd5+ Kb6 43.Nc3 Rg6+ 44.Kf2 Ne7 45.Na4+ Kc7 46.Qxc5+ Kd8 47.Qb6+ 
Kc8 48.Qc5+ Kd7 49.Nb6+ Kd8 50.Qa5 Nc6 51.Qa8+ Kc7 52.Nd5+ Kd7 53.c5 Ne4+ 
54.Ke3 Nxc5 55.Nb6+ Kc7 56.Nd5+ Kd6 57.Nb6 Rg3+ 58.Kf2 Ne4+ 59.Kf1 Rf3+ 
60.Kg1 Rxb3 61.Qf8+ Ke6 62.Qc8+ Kd6 63.Qd7+ Kc5 64.Qd5+ Kxb6 65.Qxb3+ Ka5 
66.Qxf7 Nd4 67.Qd5+ 1-0

[Event "OPEN A"]
[Site "Condom"]
[Date "????.??.??"]
[Round "5.10"]
[White "Verduyn, Frederic"]
[Black "Ouerk, Yanis"]
[Result "1/2-1/2"]
[WhiteElo "2183"]
[BlackElo "2050"]
[PlyCount "66"]

1.c4 e5 2.g3 Nf6 3.Bg2 d5 4.cxd5 Nxd5 5.Nf3 Nc6 6.d4 exd4 7.Nxd4 Bb4+ 8.
Kf1 O-O 9.Qd3 Nxd4 10.Qxd4 Be6 11.Bd2 Be7 12.Qa4 Bf6 13.Qc2 Qd6 14.a3 Qb6 
15.Nc3 Nxc3 16.bxc3 c6 17.h3 Rfd8 18.Bf3 Qa5 19.Rb1 Bd5 20.Kg2 Bxf3+ 21.
exf3 b6 22.a4 Rd7 23.Rbd1 Rad8 24.Rhe1 Qd5 25.Be3 Qxd1 26.Rxd1 Rxd1 27.Bd4
Re1 28.Bxf6 gxf6 29.Qf5 Re6 30.h4 Rd5 31.Qg4+ Kf8 32.Qf4 Ra5 33.g4 Kg7 
1/2-1/2

[Event "OPEN A"]
[Site "Condom"]
[Date "????.??.??"]
[Round "7.48"]
[White "Blesing, Alicia"]
[Black "Ruault, Nicolas"]
[Result "0-1"]
[WhiteElo "1707"]
[BlackElo "1730"]
[PlyCount "47"]

1.e4 c6 2.d4 d5 3.Nc3 dxe4 4.Nxe4 Bf5 5.Ng3 Bg6 6.h4 h6 7.h5 Bh7 8.Bd3 
Bxd3 9.Qxd3 e6 10.Nf3 Nf6 11.Bd2 Nbd7 12.O-O-O Bd6 13.Ne4 Nxe4 14.Qxe4 Nf6
15.Qd3 Qc7 16.c4 O-O-O 17.c5 Bxc5 18.Qc4 Bd6 19.Kb1 Ne4 20.Be3 Bf4 21.Bxf4
Qxf4 22.Rh4 Qf5 23.Ka1 Ng5 24.Ne5 0-1

[Event "OPEN A"]
[Site "Condom"]
[Date "????.??.??"]
[Round "8.9"]
[White "Zaninetti, Laurent"]
[Black "Chamaillard, Sylvain"]
[Result "0-1"]
[WhiteElo "1981"]
[BlackElo "2149"]
[PlyCount "36"]

1.e4 e5 2.Bc4 Nf6 3.d3 c6 4.Nf3 d5 5.Bb3 Bd6 6.Nc3 d4 7.Ne2 Nbd7 8.Ng5 O-O
9.f4 exf4 10.Nxd4 Qa5+ 11.c3 Qxg5 12.O-O Nc5 13.Nf3 Qh5 14.Bc2 Bg4 15.Qe1 
Rfe8 16.b4 Ne6 17.Nd2 f3 18.g3 Ng5 0-1

[Event "Open Condom 2003"]
[Site "?"]
[Date "????.??.??"]
[Round "?"]
[White "Manea Alex"]
[Black "Milharoux Guillaume"]
[Result "0-1"]
[WhiteElo "2299"]
[BlackElo "2109"]
[PlyCount "68"]

1.e4 c5 2.Nf3 d6 3.d4 cxd4 4.Nxd4 Nf6 5.Nc3 g6 6.Be3 Bg7 7.f3 O-O 8.Bc4 
Nc6 9.Qd2 Bd7 10.h4 Qa5 11.O-O-O Rfc8 12.Bb3 Ne5 13.h5 Nxh5 14.g4 Nf6 15.
Bh6 Bxh6 16.Qxh6 Rxc3 17.g5 Nh5 18.Rxh5 gxh5 19.bxc3 Qxc3 20.Kb1 Rc8 21.
Qxh5 Nc4 22.Bxc4 Rxc4 23.Rd3 Qb4+ 24.Nb3 a5 25.Rd2 a4 26.Rh2 Qe1+ 27.Kb2 
Qc3+ 28.Kc1 axb3 29.Qxh7+ Kf8 30.axb3 Rc5 31.g6 Qg7 32.Rh4 Qxg6 33.Qh8+ 
Qg8 34.Qd4 Qg5+ 0-1

[Event "OPEN A"]
[Site "Condom"]
[Date "????.??.??"]
[Round "5.47"]
[White "Broly, Mathilde"]
[Black "David, Martin"]
[Result "0-1"]
[WhiteElo "1660"]
[BlackElo "1780"]
[PlyCount "110"]

1.e4 c6 2.d4 d5 3.Nc3 dxe4 4.Nxe4 Bf5 5.Ng3 Bg6 6.Nf3 Nd7 7.Be3 e6 8.Be2 
Bd6 9.Qd2 Ngf6 10.O-O Qc7 11.c4 h5 12.c5 Bxg3 13.fxg3 Nd5 14.Bf4 Nxf4 15.
Qxf4 O-O-O 16.b4 Qxf4 17.gxf4 Nf6 18.a4 Nd5 19.b5 Nxf4 20.Bc4 Nd3 21.bxc6 
bxc6 22.Ba6+ Kc7 23.Rab1 Nxc5 24.dxc5 Bxb1 25.Rxb1 Rb8 26.Rd1 Rhd8 27.Rf1 
Rd5 28.Ne5 f6 29.Nd3 e5 30.Rf5 Rbd8 31.Rxh5 Rxd3 32.Bxd3 Rxd3 33.Rh7 Rd7 
34.Kf2 Kb7 35.Ke3 f5 36.Rh5 Rf7 37.Rg5 Ka6 38.Rg6 Ka5 39.Rxc6 Kxa4 40.Rd6 
Kb5 41.c6 Rc7 42.Rd7 Kxc6 43.Rd3 Rd7 44.Rc3+ Kd5 45.Rd3+ Ke6 46.Ra3 Kf6 
47.Ra6+ Kg5 48.Ra5 e4 49.h4+ Kg4 50.Ra6 Rd3+ 51.Ke2 Kxh4 52.Rxa7 g5 53.Rf7
Kg4 54.Kf2 f4 55.Ke2 Rb3 0-1

[Event "CONDOM 2012 OpenA "]
[Site "Condom"]
[Date "????.??.??"]
[Round "1.10"]
[White "Attal, Maxence"]
[Black "Marholev, Dimitar"]
[Result "1/2-1/2"]
[WhiteElo "1975"]
[BlackElo "2356"]
[PlyCount "32"]

1.d4 Nf6 2.Nf3 g6 3.c4 Bg7 4.Nc3 O-O 5.e4 d6 6.Be2 c5 7.O-O Bg4 8.d5 Nfd7 
9.Bg5 Na6 10.Nd2 Bxe2 11.Qxe2 h6 12.Bh4 g5 13.Bg3 Ne5 14.f4 gxf4 15.Bxf4 
Nb4 16.Qh5 Kh7 1/2-1/2

[Event "OPEN A"]
[Site "Condom"]
[Date "????.??.??"]
[Round "7.28"]
[White "Urriza Iricibar, Pablo"]
[Black "Chauve, Jean-Christophe"]
[Result "1-0"]
[WhiteElo "1783"]
[BlackElo "1940"]
[PlyCount "61"]

1.c4 Nf6 2.g3 g6 3.Bg2 Bg7 4.Nc3 O-O 5.e3 d6 6.Nge2 Nbd7 7.O-O a6 8.d4 Ne8
9.h4 e5 10.b3 f5 11.Bb2 Nef6 12.b4 Nb6 13.c5 exd4 14.Nxd4 dxc5 15.bxc5 
Nbd5 16.Nxd5 Nxd5 17.c6 Kh8 18.cxb7 Bxb7 19.Ne6 Bxb2 20.Nxd8 Raxd8 21.Qb3 
Bxa1 22.Qxb7 Be5 23.Bxd5 Rf6 24.Bb3 Rfd6 25.f4 Rb6 26.Qf3 Bf6 27.Rd1 Re8 
28.Rd7 c5 29.Qd5 Rf8 30.Qxc5 Rb5 31.Qxf8# 1-0

[Event "OPEN A"]
[Site "Condom"]
[Date "????.??.??"]
[Round "7.31"]
[White "Greabca, Irina"]
[Black "Ortega Lopez, Adrian"]
[Result "1/2-1/2"]
[WhiteElo "2061"]
[BlackElo "1861"]
[PlyCount "56"]

1.d4 d5 2.Nf3 e6 3.g3 c6 4.Bg2 f5 5.O-O Nf6 6.c4 Be7 7.Qc2 O-O 8.Bf4 Bd6 
9.Bxd6 Qxd6 10.c5 Qc7 11.Nbd2 Ne4 12.Ne5 Nd7 13.Ndf3 Nef6 14.Nd3 b5 15.
cxb6 axb6 16.Rfc1 Bb7 17.Ng5 Qd6 18.b4 Rfc8 19.Qb2 b5 20.Nc5 Nxc5 21.bxc5 
Qe7 22.a4 h6 23.Nf3 Rxa4 24.Rxa4 bxa4 25.Ra1 Ra8 26.Qb4 Qc7 27.Rxa4 Rxa4 
28.Qxa4 Nd7 1/2-1/2

[Event "CONDOM 2012 OpenA "]
[Site "Condom"]
[Date "????.??.??"]
[Round "1.2"]
[White "Vandervorst, Jean-Marc"]
[Black "Prie, Eric"]
[Result "0-1"]
[WhiteElo "2044"]
[BlackElo "2510"]
[PlyCount "50"]

1.d4 d5 2.Nf3 a6 3.e3 Bf5 4.b3 e6 5.Bb2 Nd7 6.Nbd2 Ngf6 7.Ne5 Nxe5 8.dxe5 
Ne4 9.Nxe4 Bxe4 10.f3 Bg6 11.Bd3 Bb4+ 12.Kf2 Qe7 13.Qe2 Ba3 14.Bxa3 Qxa3 
15.Rhd1 O-O-O 16.c3 f6 17.exf6 gxf6 18.Rd2 e5 19.Rad1 f5 20.c4 d4 21.exd4 
exd4 22.Qe6+ Kb8 23.Bxf5 Rhe8 24.Qf6 Rf8 25.Qe7 Qxe7 0-1

[Event "OPEN A"]
[Site "Condom"]
[Date "????.??.??"]
[Round "5.9"]
[White "Fantinel, Thibault"]
[Black "Bressac, Stephane"]
[Result "1/2-1/2"]
[WhiteElo "2089"]
[BlackElo "2184"]
[PlyCount "91"]

1.e4 e6 2.d4 d5 3.Nc3 a6 4.exd5 exd5 5.Qf3 Be6 6.Bd3 Nc6 7.Nge2 Bd6 8.a3 
Qd7 9.Bf4 Nge7 10.h3 Bxf4 11.Qxf4 Ng6 12.Qg3 O-O 13.O-O Nce7 14.Nd1 Nf5 
15.Bxf5 Bxf5 16.Ne3 Rfe8 17.Rfe1 h5 18.Qg5 Bxh3 19.Qxd5 Qxd5 20.Nxd5 Rad8 
21.Nxc7 Re7 22.gxh3 Nh4 23.Nf4 Rxc7 24.Re2 Nf3+ 25.Kg2 Nxd4 26.Rd1 g5 27.
Nxh5 Nxe2 28.Rxd8+ Kh7 29.Rd2 Kg6 30.Rxe2 Kxh5 31.c3 Rd7 32.c4 f5 33.c5 
Rd3 34.b4 Rxa3 35.Re7 Rc3 36.Rh7+ Kg6 37.Rxb7 a5 38.bxa5 Rxc5 39.a6 Ra5 
40.a7 Kf6 41.Rc7 Ra3 42.Kf1 Ra2 43.Kg2 Ra3 44.Kf1 Ra2 45.Kg2 Ra3 46.Kf1 
1/2-1/2

[Event "Open B - Condom 2009"]
[Site "Condom"]
[Date "????.??.??"]
[Round "1.9"]
[White "Sadones, Thibault"]
[Black "Tancogne, Arthur"]
[Result "0-1"]
[WhiteElo "1620"]
[BlackElo "1440"]
[PlyCount "74"]

1.e4 e5 2.Nf3 Nc6 3.Bc4 Bc5 4.c3 Nf6 5.d3 h6 6.b4 Bb6 7.a4 a5 8.b5 Na7 9.
Be3 Bxe3 10.fxe3 d6 11.Qb3 O-O 12.Nbd2 Bd7 13.d4 exd4 14.exd4 b6 15.O-O-O 
c5 16.d5 Ng4 17.Rde1 Re8 18.h3 Nf6 19.Bd3 Rc8 20.c4 Nh5 21.g4 Nf4 22.e5 
Nxd3+ 23.Qxd3 dxe5 24.Rxe5 Rxe5 25.Nxe5 Qc7 26.Re1 Re8 27.Ndf3 f6 28.Nxd7 
Rxe1+ 29.Nxe1 Qxd7 30.Qe4 Nc8 31.Nd3 Nd6 32.Qf4 Qe7 33.Kd1 Kf7 34.h4 g5 
35.hxg5 hxg5 36.Qf1 Nxc4 37.Nf4 Ne3+ 0-1

[Event "OPEN A"]
[Site "Condom"]
[Date "????.??.??"]
[Round "6.16"]
[White "Lacroix, Romain"]
[Black "Vaillant, Stephane"]
[Result "1-0"]
[WhiteElo "2141"]
[BlackElo "1971"]
[PlyCount "71"]

1.e4 e6 2.d4 d5 3.Nd2 dxe4 4.Nxe4 Nf6 5.Bd3 Nbd7 6.Nf3 Nxe4 7.Bxe4 Nf6 8.
Bd3 Be7 9.O-O O-O 10.b3 b6 11.Bb2 Bb7 12.Qe2 Qd5 13.c4 Qh5 14.Ne5 Qxe2 15.
Bxe2 Rfd8 16.Rfd1 Nd7 17.f4 Nf6 18.Bf3 Bxf3 19.Nxf3 Rac8 20.Ne5 c6 21.Kf2 
Nd7 22.Kf3 Nxe5+ 23.fxe5 Rd7 24.Rd3 Rcd8 25.Rad1 f5 26.g4 fxg4+ 27.Kxg4 
Rf8 28.d5 cxd5 29.cxd5 exd5 30.Rxd5 Rxd5 31.Rxd5 Rd8 32.Rxd8+ Bxd8 33.Kf5 
g6+ 34.Ke6 Kf8 35.Kd7 Be7 36.e6 1-0

[Event "Open B - Condom 2009"]
[Site "Condom"]
[Date "????.??.??"]
[Round "2.7"]
[White "Finkel, Anne-Sophie"]
[Black "Petitcolas, Louis"]
[Result "0-1"]
[WhiteElo "1340"]
[BlackElo "1577"]
[PlyCount "86"]

1.e4 e5 2.Nf3 Nc6 3.d4 exd4 4.Nxd4 Nxd4 5.Qxd4 d6 6.Nc3 Be6 7.Bd3 h6 8.Bf4
Nf6 9.O-O Be7 10.Qe3 Qd7 11.Bb5 c6 12.Bd3 O-O-O 13.Qxa7 Qc7 14.Na4 Qb8 15.
Qa5 Nd7 16.Be3 Rdg8 17.b4 Bd8 18.Bb6 Bxb6 19.Nxb6+ Nxb6 20.Qxb6 Qc7 21.Qa7
Kd7 22.Rad1 Ra8 23.Qd4 Rhg8 24.e5 d5 25.c4 Ra4 26.f4 Bg4 27.Rd2 Rxb4 28.h3
Bh5 29.Bf5+ Kd8 30.Qc5 Qb6 31.Qxb6+ Rxb6 32.cxd5 g6 33.dxc6+ Kc7 34.Rd7+ 
Kxc6 35.Rc1+ Kb5 36.Rd5+ Ka6 37.Bd3+ Ka7 38.Ra5+ Kb8 39.g4 Rd8 40.Be4 Rb2 
41.Bg2 Rdd2 42.Bf3 Rd3 43.Bg2 Rdd2 0-1

[Event "OPEN A"]
[Site "Condom"]
[Date "????.??.??"]
[Round "2.3"]
[White "Forgues, Valerie"]
[Black "David, Vincent"]
[Result "0-1"]
[WhiteElo "2010"]
[BlackElo "2399"]
[PlyCount "120"]

1.e4 e6 2.d4 d5 3.Nd2 dxe4 4.Nxe4 Nd7 5.Nf3 Ngf6 6.Bd3 Nxe4 7.Bxe4 Nf6 8.
Bd3 c5 9.dxc5 Bxc5 10.O-O O-O 11.Bg5 b6 12.Qe2 Bb7 13.Rad1 Qc7 14.Bxf6 
gxf6 15.Be4 Rad8 16.Nd2 f5 17.Bxb7 Qxb7 18.Nf3 Be7 19.Qe5 Qe4 20.Qxe4 fxe4
21.Ne5 Rc8 22.c3 Rc7 23.Ng4 f5 24.Ne3 b5 25.Nc2 Rb8 26.Rd2 a5 27.a3 Kf7 
28.Rfd1 Rbb7 29.Kf1 h5 30.Ke2 Kf6 31.f3 exf3+ 32.Kxf3 b4 33.cxb4 axb4 34.
axb4 Bxb4 35.Nxb4 Rxb4 36.Re2 Rc6 37.g3 h4 38.Rdd2 Rcb6 39.Kf2 Rb3 40.Rc2 
e5 41.Kg2 hxg3 42.hxg3 R6b5 43.Rf2 Kg5 44.Kh2 R5b4 45.Rce2 Kf6 46.Kg2 Ke6 
47.Rc2 Rb6 48.Rfe2 Rd6 49.Rc5 Rd5 50.Rxd5 Kxd5 51.Rd2+ Kc4 52.Rf2 e4 53.
Rxf5 Rxb2+ 54.Rf2 Rb3 55.Re2 Kd4 56.Ra2 Ke3 57.Ra4 Rb2+ 58.Kf1 Kf3 59.Ke1 
Rb1+ 60.Kd2 e3+ 0-1

[Event "Coupe Ligue MPYR"]
[Site "Auch"]
[Date "????.??.??"]
[Round "?"]
[White "DIRAT, Sylvain"]
[Black "POKEE, Michèle"]
[Result "1-0"]
[WhiteElo "1770"]
[BlackElo "1310"]
[PlyCount "53"]

1.d4 d5 2.Bg5 Nf6 3.Nc3 e6 4.e4 Be7 5.e5 Ng8 6.Bxe7 Nxe7 7.Bd3 Nbc6 8.Qg4 
Ng6 9.Nf3 f5 10.exf6 Qxf6 11.Bxg6+ hxg6 12.O-O-O e5 13.Qg5 e4 14.Nxd5 Qd6 
15.Nxc7+ Qxc7 16.Qxg6+ Kf8 17.Qxe4 Nb4 18.a3 Nxc2 19.Qxc2 Qf4+ 20.Qd2 Qc7+
21.Kb1 Bf5+ 22.Ka1 Rd8 23.Ne5 Kg8 24.Qb4 Be6 25.Qc5 Qxc5 26.dxc5 Rc8 27.
Ng6 1-0

[Event "OPEN A"]
[Site "Condom"]
[Date "????.??.??"]
[Round "4.37"]
[White "Dupouy, Francois"]
[Black "Salcedo, Marc"]
[Result "1-0"]
[WhiteElo "1759"]
[BlackElo "1967"]
[PlyCount "35"]

1.e4 d5 2.exd5 Nf6 3.d4 Bg4 4.Nf3 Qxd5 5.Be2 Nc6 6.h3 Qh5 $6 7.O-O O-O-O 
$2 8.hxg4 Nxg4 9.Be3 $2 e5 10.Nbd2 exd4 11.Bf4 Bd6 12.Nxd4 Bxf4 $4 13.
Bxg4+ f5 14.Bxh5 Rxd4 15.Qf3 Ne5 16.Qh3 Bxd2 17.Qxf5+ Nd7 18.Bg4 1-0

[Event "CONDOM 2012 OpenA "]
[Site "Condom"]
[Date "????.??.??"]
[Round "2.2"]
[White "Prie, Eric"]
[Black "Iwanesko, Alexandre"]
[Result "1-0"]
[WhiteElo "2510"]
[BlackElo "2213"]
[PlyCount "65"]

1.d4 Nf6 2.Bf4 g6 3.e3 Bg7 4.Nf3 d6 5.Be2 Nh5 6.Bg5 h6 7.Bh4 g5 8.Nfd2 Nf4
9.exf4 gxh4 10.c3 c5 11.dxc5 dxc5 12.Na3 Nc6 13.Nf3 Qxd1+ 14.Rxd1 h3 15.g3
Bd7 16.Rd5 b6 17.Ba6 Rd8 18.Bb5 O-O 19.Rxd7 Rxd7 20.Bxc6 Rd6 21.Bb5 a6 22.
Be2 b5 23.O-O Rb8 24.Rb1 Re6 25.Bf1 b4 26.cxb4 cxb4 27.Nc4 b3 28.axb3 Rxb3
29.Nfd2 Rb4 30.Bxh3 Rc6 31.Bf1 Bd4 32.Bd3 Kg7 33.Kg2 1-0

[Event "CONDOM 2012 OpenA "]
[Site "Condom"]
[Date "????.??.??"]
[Round "2.6"]
[White "Bujisho, Benjamin"]
[Black "Forestie, Pierre"]
[Result "1-0"]
[WhiteElo "2391"]
[BlackElo "2140"]
[PlyCount "89"]

1.e4 e5 2.Nf3 Nc6 3.Bb5 Bc5 4.O-O Nd4 5.Nxd4 Bxd4 6.c3 Bb6 7.d4 c6 8.Ba4 
d6 9.dxe5 dxe5 10.Qe2 Nf6 11.h3 Be6 12.Bb3 Qe7 13.Bxe6 Qxe6 14.Bg5 h6 15.
Bxf6 Qxf6 16.Nd2 O-O 17.Nf3 Rad8 18.Rad1 Qe6 19.b3 Kh7 20.Rxd8 Rxd8 21.Rd1
Rd6 22.Rd3 g6 23.h4 Kg7 24.h5 Bc5 25.hxg6 fxg6 26.Rxd6 Bxd6 27.g3 Bc5 28.
Kg2 b5 29.Ne1 Bb6 30.Nd3 a6 31.Qc2 Qd6 32.a4 h5 33.axb5 axb5 34.Ne1 Qe6 
35.Nf3 Qd6 36.c4 Bd4 37.cxb5 cxb5 38.Qc8 b4 39.Ng5 Bc3 40.Qb7+ Kf6 41.Nh7+
Ke6 42.Qg7 Qd3 43.Qxg6+ Kd7 44.Nf6+ Kc7 45.Nd5+ 1-0

[Event "Open B - Condom 2009"]
[Site "Condom"]
[Date "????.??.??"]
[Round "2.1"]
[White "Broly, Marine"]
[Black "Calatrava, Julian"]
[Result "0-1"]
[WhiteElo "1540"]
[BlackElo "1790"]
[PlyCount "48"]

1.e4 e5 2.Nf3 Nc6 3.Bc4 Nf6 4.d3 h6 5.O-O d6 6.h3 Be7 7.Nc3 O-O 8.Qe2 a6 
9.Be3 b5 10.Bb3 Na5 11.Nd2 c5 12.Kh1 Re8 13.f4 Nxb3 14.axb3 exf4 15.Bxf4 
Be6 16.Ra2 Qb6 17.Be3 d5 18.exd5 Nxd5 19.Nxd5 Bxd5 20.c4 Bb7 21.Qh5 Qe6 
22.Bxc5 Bxc5 23.Qxc5 Qxh3+ 24.Kg1 Qxg2# 0-1

[Event "OPEN A"]
[Site "Condom"]
[Date "????.??.??"]
[Round "7.40"]
[White "Bourjol, Daniel"]
[Black "Muratet, Lucas"]
[Result "0-1"]
[WhiteElo "1738"]
[BlackElo "1970"]
[PlyCount "54"]

1.d4 Nf6 2.f3 c5 3.d5 d6 4.e4 g6 5.Nc3 Bg7 6.Be2 O-O 7.g4 Na6 8.g5 Nd7 9.
h4 Nc7 10.h5 Re8 11.hxg6 hxg6 12.f4 Nf8 13.Qd3 e6 14.Bd2 exd5 15.exd5 Bf5 
16.Qf3 Bxc2 17.Kf1 b5 18.Bd3 Bxd3+ 19.Qxd3 c4 20.Qf3 b4 21.Nce2 a5 22.Rc1 
Bxb2 23.Rxc4 Nb5 24.a4 bxa3 25.Qb3 Rb8 26.Qh3 a2 27.Nc3 a1=Q+ 0-1

[Event "Open B - Condom 2009"]
[Site "Condom"]
[Date "????.??.??"]
[Round "2.5"]
[White "Tancogne, Arthur"]
[Black "Locatelli, Claude"]
[Result "0-1"]
[WhiteElo "1440"]
[BlackElo "1604"]
[PlyCount "100"]

1.e4 e6 2.Nf3 d5 3.exd5 exd5 4.d4 Nf6 5.Bd3 Bd6 6.O-O O-O 7.h3 b6 8.Bg5 
Nbd7 9.Nc3 c6 10.Ne2 Qe7 11.c3 Ne4 12.Bh4 Ndf6 13.Bxf6 Nxf6 14.Qc2 h6 15.
Rfe1 Be6 16.a3 c5 17.b4 c4 18.Bf5 Rfe8 19.b5 Qd7 20.Bxe6 Rxe6 21.Rab1 Rae8
22.a4 Qe7 23.Ng3 Bxg3 24.fxg3 Ne4 25.g4 Nd6 26.Qd2 Ne4 27.Qc1 Ng3 28.Qd2 
Re2 29.Rxe2 Qxe2 30.Qxe2 Nxe2+ 31.Kf2 Nxc3 32.Ra1 Re2+ 33.Kf1 Ra2 34.Rc1 
Nxa4 35.Re1 f6 36.Re8+ Kf7 37.Rd8 c3 38.Ne1 c2 39.Nd3 Ra1+ 40.Kf2 c1=Q 41.
Nxc1 Rxc1 42.Rd7+ Kg6 43.Rxd5 Nc3 44.Rc5 Rb1 45.d5 Nxb5 46.Ke3 a5 47.Rc2 
Nd6 48.Rd2 Nc4+ 49.Ke2 Nxd2 50.Kxd2 Rb5 0-1